000 00818nam a22002297a 4500
005 20240530110855.0
008 210930s2020 ua g 000 j ara d
017 _bمصر. دار الكتب
020 _a9789778321098
040 _aEG-CaGPL
_cEG-CaGPL
082 0 4 _221
_a813.01/
_bع ج
100 0 _aعمل جماعى عربى
245 1 0 _aجسر التسامح /
_cعمل جماعى عربى
260 _aالاسكندرية :
_bماهى للنشر والتوزيع،
_c2020.
300 _a140 ص. ؛
_c19 سم.
500 _aالاعمال الفائزة بمسابقة ماهى للنشر والتوزيع للقصة القصيرة 2020
650 0 7 _2qrmak
_aالادب العربى
650 0 7 _2qrmak
_aالقصص القصيرة
651 _2qrmak
942 _2ddc
_cBK
999 _c66014
_d66014